Biblioteca

¿Que es la oracíon? / Kathleen Long Bostrom, il. : Elena Kucharik (Registro nro. 47342)

Detalles MARC
000 -LÍDER
Campo fijo de descripción fija 003600000a22001450004500
020 ## - NÚMERO INTERNACIONAL NORMALIZADO PARA LIBROS
Número Internacional Normalizado del libro 0-7899-1260-0
082 04 - NÚMERO DE CLASIFICACIÓN DECIMAL DEWEY
Número de clasificación G CT L850r
001 - NÚMERO DE CONTROL
Campo de control 84
100 1# - ASIENTO PRINCIPAL--NOMBRE PERSONAL
Nombre personal Long Bostrom, Kathleen
245 10 - TÍTULO
Título del Material ¿Que es la oracíon? / Kathleen Long Bostrom, il. : Elena Kucharik
260 ## - PUBLICACIÓN, DISTRIBUCIÓN, ETC. (PIE DE IMPRENTA)
Lugar de publicación, distribución, etc. Miami : Unilit
300 ## - DESCRIPCIÓN FÍSICA
Extensión 73 P.
650 14 - ASIENTO SECUNDARIO DE MATERIA - TERMINO TEMÁTICO
Término temático o nombre geográfico como elemento de entrada Literatura Infantil
942 ## - TIPO DE MATERIAL (KOHA)
Tipo de Item KOHA Z- Libro General BINCO
Existencias
Estado de Material Estado de Perdido Volumen-Parte/Tomo Estado de Dañado No para Préstamo Tomo Biblioteca de Origen Biblioteca Permanente Fecha de Adquisición Total de Préstamos Signatura Topográfica Código de Barras Última vez visto Ejemplar/Existencia Fecha de Remplazo Tipo de Material
            Biblioteca Infantil Comunitaria BINCO Biblioteca Infantil Comunitaria BINCO 07/02/2006   G CT L850r B30621 26/01/2016 1 26/01/2016 Z- Libro General BINCO

Biblioteca FUSBC | Teléfono: (57+4) 349 88 10 Ext. 141| WhatsApp (+57) 3005338115 
E-mail: biblioteca@unisbc.edu.co | Calle 76 87-14 Robledo Palenque, Medellín, Colombia

Con tecnología Koha